000 01183cam a22003497a 4500
003 CHAP
005 20220329142011.0
008 981211d1998 mx r 00110 spa d
010 _a76868
011 _a77840
035 _a87545
040 _cCHAP
090 _aTesis
100 0 0 _aMarín Sánchez, José.
_971514
245 1 0 _aOsmoacondicionamiento de semilla de cebolla (Allium cepa L.)
_c/por José Marín Sánchez
260 _aChapingo, Méx. :
_bEl autor,
_c1998.
300 _a70 h. :
_bgráfs. ; cuadros
502 _aTesis (Ing. Agr. Esp. en Fitotecnia) -- UACH. Departamento de Fitotecnia
590 _aALEPH
_b10
_c20130110
_lUCH01
_h1427
590 _aBATCH-UPD
_b10
_c20130110
_lUCH01
_h0510
590 _aBATCH-UPD
_b10
_c20130410
_lUCH01
_h0148
590 _aBATCH-UPD
_b10
_c20130914
_lUCH01
_h0906
590 _aCONVERSION
_b10
_c20130109
_lUCH01
_h1342
650 1 4 _aCebolla
_xSemilla.
_920803
650 1 4 _aOsmosis.
_984198
650 1 4 _aSemillas
_xAcondicionamiento.
_9103874
901 _aBK
905 _aGuadalupe Pinto C.
942 _cFOLL
949 _bBC
_cTES
_d33724000706776
_eTS2
_fc.2
_h33349
_i87545
_si
949 _bBC
_cTES
_d875451
_eTS1
_h33348
_i87545
_sb
999 _c76868
_d76868